| 000 | 00671cam a2200157 a 4500 | ||
|---|---|---|---|
| 020 | _a030902692X | ||
| 082 | 0 | 0 |
_a380.5/08 s _a388.4/1322 _bNAT |
| 110 | 2 |
_aNational Research Council (U.S.). _920017 |
|
| 245 | 1 | 0 | _aRecent developments in bus transportation. |
| 260 |
_aWashington : _bTransportation Research Board, Commission on Sociotechnical Systems, National Research Council, National Academy of Sciences, _c1978. |
||
| 300 |
_aiii, 76 p. : _bill. ; _c28 cm. |
||
| 526 |
_a0 _b0 _c0 _d380_508000000000000_S_NAT |
||
| 650 | 0 |
_aBus lines _zUnited States _xManagement _xCongresses. _938804 |
|
| 650 | 0 |
_aTraffic engineering _zUnited States _xCongresses. _938805 |
|
| 942 |
_2ddc _cBK |
||
| 999 |
_c543444 _d543444 |
||